000 00845nam a2200217 a 4500
001 000023216
005 20200930022051.0
008 101130s1968 sp r 000 | spa d
040 _aDO-SdBNP
_bspa
_cBNPHU
082 _axxx
_bC524v
100 1 _aChesneaux, Jean
_947796
245 1 0 _aVietnam :
_bun pueblo en lucha : pasado, presente, futuro /
_cJean Chesneaux; traducción de Roser Berdaguer.
260 _aBarcelona :
_bFontanella,
_c1968.
490 _aInforme ;
_v18
500 _aIncluye notas y referencia al pie de páginas
500 _aIncluye lista de titulos de las colecciones Pensamiento, Informes, Aventura Humana, Sexualidad y educación, y Ciencias del Hombre
534 _aTítulo original :
_tPerche il Vietanam resiste
700 1 _aBerdaguer, Roser
_etr.
_947797
834 _aPerche il Vietanam resiste
049 _aBNGR
999 _c22713
_d22713